000 00652nam a2200217Ia 4500
005 20241129115919.0
008 241129s9999||||xx |||||||||||||| ||und||
020 _a9781108832625
037 _aTB
040 _aSDCL
_beng
_cSDCL
041 _aeng
_2eng
084 _aV1:5'P, R1
_qSDCL
100 _aMadhok Sumi
_9467523
245 0 _aVernacular rights cultures : The politics of origins, human rights and gendered struggles for justice
260 _aNew Delhi
_bCambridge University Press
_c2021
300 _ax,216p.
365 _aINR
_b850
650 _aPolitical Science
942 _cTB
_hV1:5'P, R1
999 _c1232553
_d1232553